Health policy in Britain's model colony : Ceylon, 1900-1948 /

Bibliographische Detailangaben
1. Verfasser: Jones, Margaret, 1946-
Körperschaft: Wellcome Trust Centre for the History of Medicine at UCL
Format: Buch
Sprache:English
Veröffentlicht: New Delhi : Orient Longman, 2004.
Schriftenreihe:New perspectives in South Asian history ; 10
Schlagworte:
Classic Catalogue: View this record in Classic Catalogue
LEADER 01576nam a2200313 a 4500
001 0017698
003 BD-DhAAL
008 100502s2004 ii a b 001 0 eng d
010 |a  2005310266 
020 |a 8125027599 
040 |a DLC  |c DLC  |d DLC  |d DB-DhAAL 
082 0 0 |a 362.10954493   |2 22 
100 1 |a Jones, Margaret,  |d 1946-  |9 58492 
245 1 0 |a Health policy in Britain's model colony :  |b Ceylon, 1900-1948 /  |c Margaret Jones. 
260 |a New Delhi :  |b Orient Longman,  |c 2004. 
300 |a xiv, 305 p. :  |b ill. ;  |c 22 cm 
490 0 |a New perspectives in South Asian history ;  |v 10 
500 |a "The Wellcome Trust Centre for the History of Medicine at University College London." 
504 |a Includes bibliographical references (p. 276-298) and index. 
526 |a JPGSPH  |x Mrityunjoy Das Academic and Administrative Officer James P Grant School of Public Health BRAC University 
541 1 |e 00017698  |a Paragon Enterprises LTD 
650 0 |a Public health   |z Sri Lanka.  |9 58493 
650 0 |a Medical policy  |z Sri Lanka.  |9 58494 
651 0 |a Sri Lanka  |x History  |y 20th century.  |9 58495 
710 2 |a Wellcome Trust Centre for the History of Medicine at UCL.  |9 58496 
852 4 |a Ayesha Abed Library   |c General Stacks 
942 |2 ddc  |c BK 
999 |c 8348  |d 8348 
952 |0 0  |1 0  |2 ddc  |4 0  |6 362_109544930000000_JON_2004  |7 0  |9 9654  |a BRACUL  |b BRACUL  |c GEN  |d 2010-05-02  |e Paragon Enterprises LTD  |g 1055.00  |l 0  |o 362.10954493 JON  |p 3010017698  |r 2010-05-02  |t 1  |w 2010-05-02  |y BK  |x Requisitioned by Mrityunjoy Das, Academic and Administrative Officer, James P Grant School of Public Health, BRAC University